Lambda Literary Awards (Gay and Lesbian Romance) Quiz Stats

 Plays Quiz not verified by Sporcle

Challenge
Share
Tweet
Embed
Score 0/20 Timer 20:00
0 Plays Today
Author Title % Correct
Jay Bell Kamikaze Boys
80%
K.G. MacGregorOut of Love
80%
Yolanda WallaceMonth of Sundays
60%
Kenna WhiteTaken by Surprise
40%
Jim ProvenzanoEvery Time I Think of You
40%
Cate CulpepperRiver Walker
40%
Erik OrrantiaNormal Miguel
40%
Frank Anthony PolitoDrama Queers!
40%
Colette MoodyThe Sublime and Spirited Voyage of Original Sin
40%
Karin KallmakerThe Kiss That Counted
40%
Author Title % Correct
Larry DuplechanGot 'til It's Gone
40%
Michael Thomas FordChanging Tides
40%
Georgia BeersFresh Tracks
40%
Rob ByrnesWhen the Stars Come Out
40%
RadclyffeDistant Shores, Silent Thunder
40%
Steve KlugerAlmost Like Being in Love
40%
Karin KallmakerMaybe Next Time
40%
Michael Thomas FordLast Summer
40%
Andrew W.M. BeierleThe Winter of Our Discoteque
40%
Silvia BrownriggPages for You
40%

You're not logged in!

Compare scores with friends on all Sporcle quizzes.
Join for Free
OR
Log In

You Might Also Like...

Show Comments

Extras

Top Quizzes Today


Score Distribution

Your Account Isn't Verified!

In order to create a playlist on Sporcle, you need to verify the email address you used during registration. Go to your Sporcle Settings to finish the process.

Report this User

Report this user for behavior that violates our Community Guidelines.

Details: